000
00238nam a2200121Ia 4500
100
_a
Mehta/ S.
942
_c
BK
654
_a
DOS
245
_a
DOS made Simple
260
_b
Galgotia
_a
New Delhi
_c
1993
546
_a
ENGLISH
999
_c
32288
_d
32288